000 01449nam a22003737a 4500
003 CHAP
005 20220329143830.0
008 111103s2011 mx r 00010 spa d
010 _a102489
011 _a103461
035 _a114150
040 _cCHAP
090 _aTesis
100 1 _aHernández López, Obed.
_954254
245 1 0 _aResistencia de brassica campestris al herbicidad 2,4-D
_h[En línea]
_c/por Obed Hernández López
260 _aChapingo, Méx. :
_bEl autor,
_c2011
500 _aPara ver el contenido del material haga clic en la liga
502 _aTesis (Ing. Agr. Esp. en Parasitología Agrícola) -- UACH. Departamento de Parasitología Agrícola
590 _aALEPH
_b10
_c20130110
_lUCH01
_h1543
590 _aBATCH-UPD
_b10
_c20130110
_lUCH01
_h1054
590 _aBATCH-UPD
_b10
_c20130410
_lUCH01
_h0650
590 _aBATCH-UPD
_b10
_c20130914
_lUCH01
_h1012
590 _aBATCH-UPD
_b10
_c20140324
_lUCH01
_h1528
590 _aBATCH-UPD
_b10
_c20141002
_lUCH01
_h0851
590 _aCONVERSION
_b10
_c20130109
_lUCH01
_h1356
650 1 4 _aColza.
_925500
650 1 4 _aControl químico.
_927604
650 1 4 _aPlantas
_xResistencia a herbicidas.
_988883
856 _3Finding aid
_uhttp://10.13.5.2/tesis/114150.pdf
_zTeclea aqui
901 _aBK
942 _cFOLL
949 _aTesis
_bBC
_cTES
_d33724002309827
_eTS1
_gDonaciØn
_h52961
_i114150
_st
949 _aTesis
_bBC
_cTES
_d33724002309868
_eTS2
_fc.2
_gDonaciØn
_h52962
_i114150
_st
999 _c102489
_d102489